000 01226nam0a2200361 4500
001 RU\NLR\bibl\365395
005 20250621161843.0
010 _a5-7654-2426-0
_97000
021 _aRU
_b2002-58529
_92845
035 _a(NLR Aleph) 000359967
090 _a329470
_c329470
100 _a20030206d2002 |||y0rusy50 ca
101 0 _arus
102 _aRU
105 _ay |||||||||
200 1 _aКак сохранить здоровье нервной системы
_eСоветы невролога
_fЛ. В. Бережкова
210 _aСПб.
_cНева
_aМ.
_cОЛМА-пресс экслибрис
_d2002
215 _a158 с.
_d20
225 1 _aСерия "Все способы лечения"
320 _aБиблиогр.: с. 157-158
606 0 _aНервные болезни
_xПрофилактика
_91797171
_3RU\NLR\auth\66809384
610 0 _aНервные болезни
675 _a616.8-083
_v3
_zrus
686 _a76.29
_2rugasnti
686 _a56.12
_2rubbk
686 _aР62-5
700 1 _aБережкова
_bЛ. В.
_4070
801 0 _aRU
_bRKP
_c20030206
_gPSBO
801 1 _aRU
_bRKP
_c20030206
801 2 _aRU
_bNLR
_c20030220
_grcr
942 _cBOOK
980 _aNB